UBT Library

Das neue zivilverfahrensgesetz bulgariens / (Record no. 371)

000 -LEADER
fixed length control field 00604nam a22002057a 4500
008 - FIXED-LENGTH DATA ELEMENTS--GENERAL INFORMATION
fixed length control field 131129b xxu||||| |||| 00| 0 ger d
020 ## - INTERNATIONAL STANDARD BOOK NUMBER
International Standard Book Number 978830515760
020 ## - INTERNATIONAL STANDARD BOOK NUMBER
International Standard Book Number 9783830505561
041 0# - LANGUAGE CODE
Language code of text/sound track or separate title ger
080 ## - UNIVERSAL DECIMAL CLASSIFICATION NUMBER
Universal Decimal Classification number 347
Common auxiliary subdivision (497.2)
245 00 - TITLE STATEMENT
Title Das neue zivilverfahrensgesetz bulgariens /
260 ## -
-- Wien :
-- NVG verlag ;
-- BWV ;
-- 2008.
300 ## -
-- 550 f. :
-- 23 cm.
490 ## -
-- Center of legal competence
500 ## -
-- Vorwort der herausgeber : f. 11-14
650 #0 -
-- E drejta civile
-- Bullgaria
700 1# -
-- Rechberger, Walter H. editor
700 1# -
-- Oberhammer, Paul editor
942 ## - ADDED ENTRY ELEMENTS (KOHA)
Source of classification or shelving scheme
Item type Books
Holdings
Withdrawn status Lost status Source of classification or shelving scheme Damaged status Not for loan Collection code Permanent location Current location Shelving location Date acquired Total Checkouts Full call number Barcode Date last seen Price effective from Koha item type
          Koleksioni i përgjithshem UBT - Prishtine UBT - Prishtine Koleksioni i përgjithshem 11/29/2013   347 (497.2) REC 001-000501 11/29/2013 11/29/2013 Books
UBT Library © 2015-2024. All rights reserved University Education for Business and Technology